Top 20 państw europejskich pod względem ilości kotów na 1000 osób - Statystyki

Ogólne statystyki
  • Ten quiz został rozwiązany 44 razy
  • Średni wynik to 17 z 20
Statystyki odpowiedzi
Hint Odpowiedź % Poprawnych
173 Polska
98%
146 Portugalia
90%
143 Szwecja
90%
171 Finlandia
88%
170 Holandia
88%
154 Rosja
88%
209 Francja
88%
177 Niemcy
88%
215 Litwa
85%
222 Rumunia
85%
236 Węgry
85%
177 Belgia
83%
148 Norwegia
83%
211 Łotwa
83%
203 Austria
80%
214 Estonia
80%
180 Ukraina
80%
131 Czechy
78%
218 Słowenia
75%
191 Szwajcaria
70%
Nie znaleziono quizów pasujących do podanych kryteriów
Rozkład punktacji
Procent ludzi z każdym wynikiem
Percentyl według liczby udzielonych odpowiedzi
Twoja historia wyników
Nie rozwiązałeś tego quizu